| 000 | 00456cam a2200181ua 4500 | ||
|---|---|---|---|
| 020 | _c0.70 | ||
| 041 |
_amal _h |
||
| 082 |
_a894.8121 _bSRE/KO |
||
| 100 | _aSreedharamenon, Vallathol . | ||
| 245 |
_aKochuseetha / _cVallathol Sreedharamenon. _hTextual Documents |
||
| 250 |
_a15 / _b. |
||
| 260 |
_aCheruthuruthy : _bVallathol Granthalayam , _c1963. |
||
| 300 | _a32 ; . | ||
| 365 | _a0.70 | ||
| 504 | _a | ||
| 942 | _cBK | ||
| 999 |
_c3870 _d3870 |
||